01177 2200397 4500001002100000005001500021035002000036007000300056008004100059020002200100082001500122084001700137100003600154245010300190250002000293300004600313650002300359700003100382700003600413264003000449336002100479337003000500338002300530040002200553090002100575090002200596090001900618090002000637850001200657041000800669990002200677990002000699990002000719990002000739990002000759INLIS00000000084792620190819100414 a0010-0519001261ta190528s2018 yoia b 1 ind d a978-979-21-5381-104223a028.53 a028.53 CAE h0 aCaecilia KrismarianaePengarang10aHati-hati, Berto! /cCaecilia Krismariana; editor, Flora Maharani; ilustrator, Yuphita Nofihantiwi aCetakan pertama a24 halaman :bilustrasi berwarna ;c23 cm 4aBacaan kanak-kanak0 aFlora MaharaniePenyunting0 aYuphita NofihantiwieIlustrator aSleman :bKanisius,c2018 2rdacontentateks 2rdamediaatanpa perantara 2rdacarrieravolume aYOPDYOGbinderda aDEP 028.53 CAE h aCB-D.11 2018-2574 aK 028.53 CAE h aPK 028.53 CAE h aYOPDYOG0 aind aCB-D.11/2018-2574 a41766-PD/B.2019 a41767-PD/B.2019 a41768-PD/B.2019 a41769-PD/B.2019